| 000 | 00398nam a22001457a 4500 | ||
|---|---|---|---|
| 005 | 20250610084829.0 | ||
| 008 | 250610b |||||||| |||| 00| 0 eng d | ||
| 020 | _a9780785264644 | ||
| 050 |
_aBT1170 _bSHO |
||
| 100 | _aSHORROSH A. ANIS | ||
| 245 |
_aISLAM REVEALED; _bA CHRISTIAN ARAB'S VIEW OF ISLAM |
||
| 260 |
_aNASHVILE _bTHOMAS NELSON PUBLISHERS _cc1988 |
||
| 300 | _a316p | ||
| 942 |
_2lcc _cBK _n0 |
||
| 999 |
_c6375 _d6375 |
||